Schnelles Mathe - Quiz nur ein kurzes - Quiz 19 - Statistiken

Allgemein
  • Dieses Quiz wurde 40 mal gespielt
  • Das Durchschnittsergebnis liegt bei 16 aus 20
Antwortstatistiken
Hint Antwort % Korrekt
358 : 2 = 179
91%
60 30
89%
88 44
89%
846 423
86%
124 62
86%
688 344
83%
812 406
83%
970 485
83%
666 333
80%
390 195
77%
678 339
77%
524 262
74%
568 284
74%
944 472
74%
1248 624
74%
776 388
74%
298 149
69%
1148 574
63%
1296 648
63%
498 249
63%
Keine übereinstimmenden Quizze gefunden
Verteilung der Resultate
Anzahl Personen mit jedem Resultat
Perzentil nach korrekt beantworteten Fragen
Ihre Resultats-Entwicklung
Sie haben dieses Quiz noch nicht gespielt